German Food - Statistics

General Stats
  • This quiz has been taken 754 times
  • The average score is 11 of 15
Answer Stats
German English % Correct
Banane Banana
98%
Orange Orange
98%
Apfel Apple
96%
Suppe Soup
95%
Brot Bread
91%
Schokolade Chocolate
90%
Kartoffel Potato
82%
Fleisch Meat
79%
Champignons Mushroom
76%
Erdbeere Strawberry
70%
Obst Fruit
59%
Schinken Ham
59%
Pfannkuchen Pancake
58%
Limo Lemonade
40%
Kekse Biscuits
25%
No matching quizzes found
Score Distribution
Percent of People with Each Score
Percentile by Number Answered
Your Score History
You have not taken this quiz